LEADER 01848nam 2200457 450 001 000000029 005 20070503173200.0 100 $a20041021d1984----km-y0itay0103----ba 101 0 $aita 102 $aIT 200 1 $aIstituzioni e forme costituzionali : nella città del Bruzio in età romana$eCivitates foederatae, coloniae e municipia, in Italia meridionale attraverso i documenti epigrafici$fFelice Cotabile 200 1 $a1 $n0001951 210 $aNapoli$cEdizioni Scientifiche Italiane$d1984 215 $a216 p.$d24 cm. 225 1 $aPubblicazioni della Facoltà di giurisprudenza di Catanzaro$fUniversità degli studi di Reggio Calabria$v2 ) 606 $aBruzio$xOrdinamento istituzionale$zSec. 3. a. C.$xFonti epigrafiche 676 $a342.377 700 1$aCostabile,$bFelice$0155663 801 0$aIT$bUniversità della Basilicata - B.I.A.$gRICA$2unimarc 912 $a000000029 996 $aIstituzioni e forme costituzionali : nella citt? del Bruzio in et? romana$969445 997 $aUNIBAS BAS $aMONLET BAS $aMONOGR BAS $aLETTERE CAT $aCORRADO$b20$c19990216$lBAS01$h1623 CAT $aCORRADO$b20$c19990225$lBAS01$h1517 CAT $aCORRADO$b20$c19990225$lBAS01$h1601 CAT $aTROMBONE$b20$c19990518$lBAS01$h1545 CAT $c20000913$lBAS01$h1423 CAT $c20000920$lBAS01$h1827 CAT $c20001010$lBAS01$h1630 CAT $aTORRE$b20$c20041021$lBAS01$h1100 CAT $c20050601$lBAS01$h1752 CAT $abatch$b01$c20050718$lBAS01$h1046 CAT $c20050718$lBAS01$h1105 CAT $c20050718$lBAS01$h1135 CAT $c20050718$lBAS01$h1150 CAT $aBATCH$b00$c20070503$lBAS01$h1732 FMT Z30 -1$lBAS01$LBAS01$mBOOK$1BASA1$APolo Storico-Umanistico$2DID$BDidattica$3FM/86470$9FM/86470$686470$5L86470$819990216$f31$FDidattica Lettere LEADER 01076nam2 22002771i 450 001 UON00424006 005 20231205104838.937 100 $a20130506d1976 |0itac50 ba 101 $afre 102 $aFR 105 $a|||| 1|||| 200 1 $aˆ10.: ‰Politique et autobiographie$fJean-Paul Sartre 210 $aParis$cGallimard$d1976 215 $a226 p.$d21 cm. 461 1$1001UON00423995$12001 $aSituations$fJean-Paul Sartre$1210 $aParis$cGallimard$d1947-1976$1215 $a10 vol.$d21 cm.$v10 620 $aFR$dParis$3UONL002984 676 $a801.95$cCritica letteraria$v21 676 $a100$cFilosofia$v21 700 1$aSARTRE$bJean Paul$3UONV103356$0120759 712 $aGallimard$3UONV246610$4650 801 $aIT$bSOL$c20240220$gRICA 899 $aSIBA - SISTEMA BIBLIOTECARIO DI ATENEO$2UONSI 912 $aUON00424006 950 $aSIBA - SISTEMA BIBLIOTECARIO DI ATENEO$dSI Francese VI A SART 12 $eSI LO 27583 5 12 $sBuono 996 $aPolitique et autobiographie$9954258 997 $aUNIOR